000 01661cam a22004694i 4500
003 PE-LiUPU
005 20250731184604.0
008 150616s1959 pe a r 000 0 spa d
035 _a(Sirsi) a5424
040 _aPE-LiUPU
_bspa
_cPE-LiUPU
_dPE-LiUPU
_erda
049 _aPRUA
082 0 4 _a985.0141
_bT23
_221
100 1 _aTello, Julio C.,
_eautor.
245 1 0 _aParacas /
_cJulio C. Tello.
264 1 _aLima :
_bEmpresa Gráfica T. Scheuch,
_c1959.
300 _a307 páginas :
_bilustraciones ;
_c35 centímetros
336 _atext
_2rdacontent
337 _aunmediated
_2rdamedia
338 _avolume
_2rdacarrier
504 _aIncluye bibliografía.
505 0 _aEl medio geográfico -- La explotación de antigüedades en el centro andino -- La cultura Paracas y sus vinculaciones con otras del centro andino.
526 _aP136
526 _aP135
526 _aP134
526 _aP133
526 _aP144
526 _aP143
526 _aP87
526 _aP35
526 _aP20
526 _aP14
526 _aP10
526 _aP06
650 0 4 _aCultura Paracas.
910 _ajck
_bjvq
_cjck
942 _2ddc
_cBOOK
949 _a985.0141 T23
_wDEWEY
_c1
_i05199
_lCCODEBUL1
_mBUL
_p20.00
_r0
_sY
_tBOOK
_u19960506
_xEDUCACION
_PP20
_0COMPRA
_o.STAFF. Colección Ciencias Humanas y Educación
994 _aC0
_bPEPRU
596 _a1
999 _a985.0141 T23
_wDEWEY
_c56451
_i05199
_d56451
_e2016-5-18
_f2021-11-8
_g5
_lCCODEBUL1
_mBUL
_n1
_p20.00
_r0
_sY
_tBOOK
_u2015-6-16
_xBIBLIOTECA
_PP20
_0COMPRA
_o.STAFF. Colección Ciencias Humanas y Educación
980 _81
_gALBERTO SANCHEZ Responsable de Automatización